Counties that share the same 1st letter with it's capital - Statistics

General Stats
  • This quiz has been taken 13 times
  • The average score is 23 of 27
Answer Stats
Letter % Correct
A
100%
B
100%
G
100%
K
100%
M
100%
M
100%
P
100%
S
100%
S
100%
S
100%
S
100%
A
92%
D
92%
L
92%
S
92%
T
92%
B
83%
B
75%
N
75%
B
67%
G
67%
M
67%
M
67%
B
58%
P
58%
B
42%
M
33%
No matching quizzes found
Score Distribution
Percent of People with Each Score
Percentile by Number Answered
Your Score History
You have not taken this quiz